| 000 | 00729nam a22002890a 4500 | ||
|---|---|---|---|
| 001 | PT59199 | ||
| 003 | AR-LpoUNG | ||
| 005 | 20260120152206.0 | ||
| 008 | 201001s2017||||ag |||||||||||||||||spa d | ||
| 020 |
_a9789876302722 _c$4 |
||
| 040 |
_aAR-LpoUNG _bspa _eaacr |
||
| 041 | _aspa | ||
| 044 | _aag | ||
| 082 | 0 | _aA863 893cab | |
| 100 | 1 | _aRozenmacher, Germán | |
| 245 | 1 | 0 | _aCabecita negra |
| 250 | _a1ra. ed. | ||
| 260 |
_aLos Polvorines : _bUniversidad Nacional de General Sarmiento, _c2017. |
||
| 300 |
_a21 p. : _btbls., gráfs. |
||
| 490 | 0 | _aContra Tiempos | |
| 650 | 4 | _aARGENTINA | |
| 650 | 4 | _aCUENTOS | |
| 650 | 4 | _aLITERATURA | |
| 653 | 0 | _aLITERATURA ARGENTINA | |
| 905 | _a59199 | ||
| 942 |
_cLIB _2ddc |
||
| 999 |
_c51510 _d51510 |
||